African security issues: sovereignity, stability and solidality (Record no. 83810)

MARC details
000 -LEADER
fixed length control field 00830nam a2200181 a 4500
008 - FIXED-LENGTH DATA ELEMENTS--GENERAL INFORMATION
fixed length control field 120416s1984 ||||||||||||||||| || u
020 ## - INTERNATIONAL STANDARD BOOK NUMBER
International Standard Book Number 0865316074
050 ## - LIBRARY OF CONGRESS CALL NUMBER
Classification number UA 855 Afr
100 ## - MAIN ENTRY--PERSONAL NAME
Personal name Arlinghaws, Bruce E
245 10 - TITLE STATEMENT
Title African security issues: sovereignity, stability and solidality
Statement of responsibility, etc. edited by Bruce E. Arlinghaws
260 ## - PUBLICATION, DISTRIBUTION, ETC.
Place of publication, distribution, etc. Boulder, Col.
Name of publisher, distributor, etc. Westview P
Date of publication, distribution, etc. 1984
300 ## - PHYSICAL DESCRIPTION
Extent ix, 229p : ill
350 ## -
-- 0.00
650 #0 - SUBJECT ADDED ENTRY--TOPICAL TERM
Topical term or geographic name entry element AFRICA--STRATEGIC--ASPECTS--CONGRESS
650 ## - SUBJECT ADDED ENTRY--TOPICAL TERM
Topical term or geographic name entry element NATIONAL SECURITY--CONGRESSES
995 ## -
-- ANNEX COLLECTION (Main Library)
-- 0.00
-- 709334
-- CBU-MAIN LIBRARY (Kitwe)
-- 1
-- 28.50
-- UA 855 Afr
-- 1
-- AVAILABLE
-- 015995
-- Annex Low-Usage Collection
995 ## -
-- ANNEX COLLECTION (Main Library)
-- 0.00
-- 709333
-- CBU-MAIN LIBRARY (Kitwe)
-- 2
-- 28.50
-- UA 855 Afr
-- 2
-- AVAILABLE
-- 017219
-- Annex Low-Usage Collection
999 ## -
-- 83810
-- 83810
Holdings
Withdrawn status Lost status Source of classification or shelving scheme Damaged status Not for loan Permanent Location Current Location Shelving location Date acquired Total Checkouts Full call number Barcode Date last seen Copy number Price effective from Koha item type
          CBU-MAIN LIBRARY, KITWE. CBU-MAIN LIBRARY, KITWE.   01/08/2024   UA 855 Afr 015995 01/08/2024 1 01/08/2024 MONOGRAPH
          CBU-MAIN LIBRARY, KITWE. CBU-MAIN LIBRARY, KITWE.   01/08/2024   UA 855 Afr 017219 01/08/2024 2 01/08/2024 MONOGRAPH